000 01100nam a22003137a 4500
003 CHAP
005 20220817042426.0
008 971013s1983 us a r 00010 spa d
010 _a44295
011 _a45267
035 _a49406
040 _cCHAP
082 0 4 _a632.6513
_bT3Y
100 0 0 _aTaylor, A. L.
_9111781
245 1 _aBiología, identificación y control de nemátodos de nódulo de la raíz ; (Especies de Meloidogyne)
260 _aRaleigh, Carolina del Nte. :
_bUniversidad del Estado de Carolina del Norte,
_c1983
300 _a111 p.
_b: ilus.
590 _aBATCH-UPD
_b10
_c20130110
_lUCH01
_h1020
590 _aBATCH-UPD
_b10
_c20130410
_lUCH01
_h0626
590 _aBATCH-UPD
_b10
_c20130914
_lUCH01
_h1810
590 _aCONVERSION
_b10
_c20130109
_lUCH01
_h1324
650 1 4 _aMeloidogyne.
_974428
650 1 4 _aNemátodos parásitos de plantas.
700 0 _aSasser, J. N.
_9102686
901 _aBK
942 _cLIBRO
949 _a632.6513 T3Y
_bBC
_cLIBRO
_d33724000660049
_eLIBRO
_fc.2
_h63903
_i49406
_si
949 _a632.6513 T3Y
_bBC
_cLIBRO
_d33724000925673
_eLIBRO
_h63902
_i49406
_si
999 _c44295
_d44295